Personagems de séries - Statistics

Estatísticas Gerais
  • Esse quiz foi jogado 505 vezes
  • A pontuação média é 7 de 12
Estatísticas das Respostas
Hint Resposta % Correto
Cheryl Blossom Riverdale
87%
Sarah Cameron Outer Banks
74%
Jake Peralta Brooklyn Nine-Nine
72%
Denver La casa de papel
69%
Otis Milburn Sex Education
67%
Paxton Hall-Yoshida Never Have I Ever
65%
Max Mayfield Stranger Things
61%
Samantha LaRusso Cobra Kai
60%
Gilbert Blythe Anne With an E
51%
Cassie Howard Euphoria
51%
Marcus Ginny and Georgia
33%
Paige Hardaway Atypical
16%
Nenhum quiz correspondente encontrado
Distribuição das Pontuações
Porcentagem de Pessoas com Cada Pontuação
Percentil de Números Respondidos
Sua Pontuação Histórica
Você não jogou esse quiz